Introduction to organic chemistry

Guardat en:
Dades bibliogràfiques
Autor principal: Streitwieser, Andrew
Format: Llibre
Idioma:Undetermined
Publicat: New York Macmillan 1985
Matèries:
Etiquetes: Afegir etiqueta
Sense etiquetes, Sigues el primer a etiquetar aquest registre!
Thư viện lưu trữ: Trung tâm Học liệu Trường Đại học Cần Thơ
LEADER 00503nam a2200181Ia 4500
001 CTU_125737
008 210402s9999 xx 000 0 und d
082 |a 547 
082 |b S914 
100 |a Streitwieser, Andrew 
245 0 |a Introduction to organic chemistry 
245 0 |c Andrew Streitwieser, Clayton H. Heathcock 
260 |a New York 
260 |b Macmillan 
260 |c 1985 
650 |a Chemistry, Organic 
904 |i Hiếu 
980 |a Trung tâm Học liệu Trường Đại học Cần Thơ